00975nam a2200229 a 4500001001000000003000500010005001700015008004100032010001100073011001100084040000900095100003600104245017100140260004100311500006000352502008400412650004800496650004600544650003800590650004700628856007000675000109726CHAP20220329144101.0140522s2014 mx a sm |||||||spa d a106188 a107160 cCHAP1 aSánchez Gallegos, José Luis10aEstudio de factibilidad técnico económico de una planta productora de panela en el municipio de Tzimol, Chiapash[En línea]cpor José Luis Sánchez Gallegos. aChapingo, Méx. :bEl autor,c2014. aPara ver el contenido del material haga clic en la liga aTesis (Ing. Agroindusrial) -- UACH. Departamento de Ingeniería Agroindustrial14aCaña de azúcarxCostos de producción.14aCaña de azúcarxIndustriaxProyectos.14aCaña de azúcarxMejoramiento.14aCaña de azúcarxTrabajadoreszChiapas. aFinding aiduhttp://10.13.5.2/tesis/sist109726.pdfzTeclea aquí